| 000 | 00638nam a22001457a 4500 | ||
|---|---|---|---|
| 020 | _a978-1-60346-008-8 | ||
| 082 |
_a823 _bMAC/W |
||
| 100 | _aMACAW BOOKS | ||
| 245 |
_aWEATHER _bSCIENCE GRAPHIC STORIES |
||
| 260 |
_aNOIDA _bMACAW BOOKS _c2014 |
||
| 300 | _a16 | ||
| 520 | _a“Weather” is a novel reckoning with the simultaneity of daily life and global crisis, what it means for a woman to be all of these things: a mother packing her son's backpack and putting away the dog's “slobber frog,” a sister helping her recovering-addict brother take care of his infant daughter, and a citizen of a ... | ||
| 650 | _aSTORY | ||
| 942 | _cBK | ||
| 999 |
_c7037 _d7037 |
||